Dare I question : (Record no. 170705)

MARC details
000 -LEADER
fixed length control field 00641nam a2200193 4500
005 - DATE AND TIME OF LATEST TRANSACTION
control field 20191223150436.0
010 ## - LCCN (DPL NO)
LC control number ENG-127213
020 ## - INTERNATIONAL STANDARD BOOK NUMBER
International Standard Book Number 9788124120361
Terms of availability 795.00
035 ## - SYSTEM CONTROL NUMBER
System control number EN-110745
037 ## - SOURCE OF ACQUISITION
Source of stock number/acquisition DBAD/PUB
082 ## - DEWEY DECIMAL CLASSIFICATION NUMBER
Classification number 808.88
100 ## - MAIN ENTRY--PERSONAL NAME
Personal name Ansari, M.Hamid
245 ## - TITLE STATEMENT
Title Dare I question :
Statement of responsibility, etc by Subramanian swamy
Remainder of title reflections on contemporary challenges /
260 ## - PUBLICATION, DISTRIBUTION, ETC. (IMPRINT)
Place of publication, distribution, etc New Delhi
Name of publisher, distributor, etc Har-Anand Publications
Date of publication, distribution, etc 2018
270 ## - ADDRESS
Address E-49/3, Okhla Industrial Area, Phase-II
City New Delhi
Postal code 110020
Telephone number 41603490
Electronic mail address Info@haranandbooks.com
300 ## - PHYSICAL DESCRIPTION
Extent 239p.
Dimensions 22cm(Hb)
500 ## - GENERAL NOTE
General note Includes index
942 ## - ADDED ENTRY ELEMENTS (KOHA)
Source of classification or shelving scheme Dewey Decimal Classification
Item type English Books
Classification part 808.88
Call number suffix ANS
Holdings
Withdrawn status Lost status Not for loan Collection code Home library Current library Date acquired Source of acquisition Cost, normal purchase price Full call number Barcode Copy number Cost, replacement price Koha item type
      Non-fiction Ashok Vihar Ashok Vihar 23/12/2019 DBAD/PUB 795.00 808.88 AN EN-110745 1 795.00 English Books

© Delhi Public Library
Hit Counter
free hit counter